|
|
|
|
| LEADER |
00000cam a2200000 7i4500 |
| 001 |
0000001753 |
| 005 |
20011115.0 |
| 090 |
0 |
0 |
|a 583.624
|b MOR 1979
|
| 100 |
1 |
0 |
|a MORI
|h Tokunori
|
| 245 |
1 |
0 |
|a Physiological studies on some dipterocarp and rattan species of Peninsular Malaysia as a basis for artificial regeneration :
|b under the cooperative research program between Malaysia and Japan
|c Tokunori Mori
|
| 260 |
0 |
0 |
|a Kuala Lumpur :
|b Forest Research Institute Malaysia ,
|c 1979
|
| 300 |
|
|
|a iv, 101 p. ;
|c 30 cm.
|
| 500 |
0 |
0 |
|a Includes bibliographies
|
| 650 |
0 |
0 |
|a Dipterocarpaceae
|z Peninsular Malaysia
|
| 650 |
0 |
0 |
|a Rattan
|z Peninsular Malaysia
|
| 998 |
|
|
|a JPSM
|
| 999 |
|
|
|a 0000002783
|b Monograph
|c Open Shelf
|e Default branch
|